Guatemala: declaración de las Fuerzas Armadas Reveldes (FAR)

Uloženo v:
Podrobná bibliografie
Médium: Text
Témata:
Tagy: Přidat tag
Žádné tagy, Buďte první, kdo vytvoří štítek k tomuto záznamu!

MARC

LEADER 00000 a a2200000 04500
001 17984
003
040
245 |a Guatemala:   |b declaración de las Fuerzas Armadas Reveldes (FAR)  
650 |a FUERZAS ARMADAS  
650 |a DEMOCRACIA  
650 |a MILITARISMO  
650 |a GUATEMALA  
773 |g volumen 4, número 4; páginas 38, 47  
999 |c 25581  |d 25581 
773 0 |0 42391  |9 3796  |a Agencia Latinoamericana de Información, ALAI  |d Quito, Ecuador: ALAI  |o 03803  |t ALAI:  |x 08275564 (Servicio mensual de información y documentación)